Regional policy for ever; essays on the history, theory and political economy of forty years of regionalism

محفوظ في:
التفاصيل البيبلوغرافية
المؤلف الرئيسي: Hallett, Graham
مؤلفون آخرون: Randall, Peter J. (joint author.), West, E. G. (Edwin George), 1922- (joint author.)
التنسيق: كتاب
اللغة:English
منشور في: London, Institute of Economic Affairs, 1973.
سلاسل:IEA readings ; 11
الموضوعات:
LEADER 01347nam a2200325 4500
001 c000137790
003 CARM
005 00000000000000.0
008 740409s1973 enkab b 00110 eng
015 |a GB73-25929 
019 1 |a 322541  |z 42447731  |z 44251141  |5 LACONCORD2021 
020 |a 025536041X 
035 |a (OCoLC)772400  |5 LACONCORD2021 
043 |a e-uk---  |a ew----- 
050 0 0 |a HT395.G7  |b H33 
100 1 |a Hallett, Graham. 
245 1 0 |a Regional policy for ever;  |b essays on the history, theory and political economy of forty years of regionalism  |c [by] Graham Hallett, Peter Randall [and] E. G. West. 
260 |a London,  |b Institute of Economic Affairs,  |c 1973. 
300 |a xii, 152 p.  |b illus., maps.  |c 21 cm. 
440 0 |a IEA readings ;  |v 11 
504 |a Includes bibliographical references and index. 
650 0 |a Regional planning  |z Great Britain. 
650 0 |a Regional planning  |z European Economic Community countries. 
650 0 |a Regional planning. 
700 1 |a Randall, Peter J.,  |e joint author. 
700 1 |a West, E. G.  |q (Edwin George),  |d 1922-  |e joint author. 
852 8 |b CARM  |h A2:AF08G0  |i B01754  |p 0078901  |f BK 
082 0 4 |a 338.9 
999 f f |i 2fa1f63f-6692-5b54-8209-3c003bb90a59  |s ff113628-4dc4-5ae2-b36f-61b2ba7abbdd 
952 f f |p Can circulate  |a CAVAL  |b CAVAL  |c CAVAL  |d CARM 1 Store  |e B01754  |f A2:AF08G0  |h Other scheme  |i book  |m 0078901